Statistics for Countries That Were Involved In Eighty Years’ War

Click here to take the quiz!

General Stats

  • This quiz has been taken 7 times
  • The average score is 3 of 8

Answer Stats

Countries% Correct
Holy Roman Empire
100%
Dutch Republic
33%
Kingdom of England
33%
Kingdom of France
33%
Portugal
33%
Spanish Empire
33%
Anjou
17%
Portuguese Empire
17%

Score Distribution

Percentile by Number Answered

Percent of People with Each Score

Your Score History

You have not taken this quiz